NBA top 25 best point guards of all time! - Statistics

General Stats
  • This quiz has been taken 1,386 times
  • The average score is 11 of 25
Answer Stats
Rank's Team PG's % Correct
1 Los Angeles Lakers Magic Johnson
97%
3 Detroit Pistons Isiah Thomas
92%
4 Utah Jazz John Stockton
92%
19 Pheonix Suns Kevin Johnson
87%
2 Milwaukee Bucks Oscar Robertson
87%
5 Los Angeles Lakers Jerry West
84%
6 New York Knicks Jason Kidd
65%
10 Los Angeles Lakers Steve Nash
59%
7 Cleveland Cavaliers Walt Frazier
56%
16 San Antonio Spurs Tony Parker
52%
18 Indiana Pacers Tim Hardaway
51%
14 Los Angeles Chris Paul
49%
17 Boston Celtics Rajon Rondo
43%
9 Miami Heat Gary Payton
33%
20 Detroit Pistons Chauncey Billups
31%
21 Orlando Magic Mark Price
30%
12 Milwaukee Bucks Nate "Tiny" Archibald
24%
24 Houston Rockets Mark Jackson
20%
15 Brooklyn Nets Mo Cheeks
12%
8 Cincinnati Royals Bob Cousey
8%
22 Houston Rockets Rod Strickland
6%
23 Dallas Mavericks Fat Lever
3%
11 Portland TrailBlazers Lenny Wilkins
3%
25 Golden State Warriors Mookie Blaylock
3%
13 Boston Celtics Dennis Johnson
2%
No matching quizzes found
Score Distribution
Percent of People with Each Score
Percentile by Number Answered
Your Score History
You have not taken this quiz